Piłkarze Polonii Warszawa - nagła śmierć - Statystyki

Ogólne statystyki
  • Ten quiz został rozwiązany 18 razy
  • Średni wynik to 5 z 20
Answers on the Grid
Answers color-coded by a green-red scale on the quiz's grid according to % correct below.
Rafał Wolski
Radosław Majdan
Grzegorz Bronowicki
Sławomir Abramowicz
Damian Piotrowski
Maciej Szczęsny
Mateusz Możdżeń
Aleksander Buksa
Jakub Czerwiński
Michał Żewłakow
Kamil Sylwestrzak
Emmanuel Olisadebe
Michał Gliwa
Paweł Magdoń
Piotr Giza
Paweł Wszołek
Sebastian Mila
Robert Dadok
Paweł Sobolewski
Łukasz Teodorczyk
Wojciech Jagoda
Krzysztof Mączyński
Krzysztof Hus
Henrik Ojamaa
Tomasz Chałas
Marcin Żewłakow
Jerzy Engel
Damian Jakubik
Maciej Rosołek
Dariusz Dźwigała
Piotr Klepczarek
Daniel Pik
Adrian Lis
Jan Grzesik
İlkay Durmuş
José Kanté
Konrad Wrzesiński
Karol Angielski
Tomasz Hołota
Dominik Kun
 
Statystyki odpowiedzi
Odpowiedź % Poprawnych
Radosław Majdan
67%
Emmanuel Olisadebe
47%
Maciej Szczęsny
47%
İlkay Durmuş
40%
Michał Żewłakow
40%
Paweł Wszołek
40%
Marcin Żewłakow
33%
Michał Gliwa
33%
Łukasz Teodorczyk
27%
Dariusz Dźwigała
20%
Piotr Klepczarek
20%
Adrian Lis
13%
Jerzy Engel
13%
Robert Dadok
13%
Tomasz Hołota
13%
Aleksander Buksa
7%
Konrad Wrzesiński
7%
Sławomir Abramowicz
7%
Tomasz Chałas
0%
Wojciech Jagoda
0%
Nie znaleziono quizów pasujących do podanych kryteriów
Rozkład punktacji
Procent ludzi z każdym wynikiem
Percentyl według liczby udzielonych odpowiedzi
Twoja historia wyników
Nie rozwiązałeś tego quizu